000 00349nam a2200145 i 4500
001 bg
100 1 _aPĘKOSŁAWSKI, Zbigniew
245 0 _aPracownia fotoamatora /
_cZbigniew Pękosławski.
250 _aWyd. 6 uzup.
260 _aWarszawa,
_c1981.
040 _cBPK
041 _apol
942 _cKS
008 s pl f |000 0 pol
999 _c22799
_d22799
856 _uhttp://koha.tu.koszalin.pl/cgi-bin/koha/opac-detail.pl?biblionumber=22799
_yKatalog online BPK